000 00374 a2200157 4500
001 73968
020 _a8506035783
040 _cAnchieta - Colégio São Paulo
240 1 0 _aAtlas geográfico melhoramentos
_lpor
245 1 0 _aAtlas geográfico melhoramentos
300 _a112
362 0 _a2002
440 1 _aMelhoramentos
650 4 _aGeografia e viagens
942 _cBK
999 _c73968
_d73968